[Event "TATA 50th ch-IND National Premier 2012"]
[Site "Kolkata IND"]
[Date "2012.10.11"]
[Round "10.21"]
[White "Phadke,So1"]
[Black "Arindam,M"]
[Result "1/2-1/2"]
[WhiteElo "2247"]
[BlackElo "2265"]

1.e4 g6 2.d4 Bg7 3.Nc3 d6 4.f4 c6 5.Nf3 d5 6.e5 h5 7.Be3 b6 8.h3 Nh6 9.Bf2 Bf5
10.Bd3 Qc8 11.Bxf5 Nxf5 12.g3 e6 13.Rg1 Bf8 14.g4 hxg4 15.hxg4 Ne7 16.Qd2 Nd7
17.O-O-O Qa6 18.Rh1 Rxh1 19.Rxh1 c5 20.Qe2 Qxe2 21.Nxe2 Nc6 22.Rh7 Be7 23.c3 Nf8
24.Rg7 Rc8 25.Kb1 Rc7  1/2-1/2

[Event "TCh-ROU League A 2012"]
[Site "Olanesti ROU"]
[Date "2012.10.12"]
[Round "7.1"]
[White "Geanta,H"]
[Black "Stanca,A"]
[Result "1/2-1/2"]
[WhiteElo "2297"]
[BlackElo "2199"]

1.e4 g6 2.d4 Bg7 3.Nc3 d6 4.Be2 a6 5.a4 Nc6 6.Be3 a5 7.Nf3 Bg4 8.d5 Nb4 9.O-O Bd7
10.Qd2 Nf6 11.Nd4 c6 12.dxc6 bxc6 13.f4 O-O 14.Nb3 Qc7 15.Kh1 c5 16.Bf3 Rab8
17.Qe2 Ne8 18.Nb5 Qb6 19.c4 Nc7 20.Rad1 Nxb5 21.axb5 Rfc8 22.Ra1 e6 23.Nxa5 d5
24.exd5 exd5 25.Nc6 Bxc6 26.bxc6 d4 27.Bc1 Nxc6 28.f5 Nb4 29.Bf4 Re8 30.Qd2 Rbd8
31.Rae1 d3 32.fxg6 hxg6 33.Bg5 Bf6 34.Bxf6 Qxf6 35.Bd5 Rxe1 36.Qxe1 Nxd5
37.cxd5 d2 38.Qe2 Qg5  1/2-1/2

[Event "FSFMB October 2012"]
[Site "Budapest HUN"]
[Date "2012.10.15"]
[Round "9.1"]
[White "Goldie,Thomas"]
[Black "Bella,Zsolt"]
[Result "1-0"]
[WhiteElo "1722"]
[BlackElo "1358"]

1.e4 d6 2.d4 g6 3.Nc3 Bg7 4.f3 a6 5.Be3 Nc6 6.Qd2 e5 7.d5 Nce7 8.a4 f5 9.b4 Bd7
10.Bc4 f4 11.Bf2 Nf6 12.Nge2 c6 13.dxc6 Bxc6 14.Rd1 Nc8 15.b5 axb5 16.axb5 Bd7
17.Nd5 b6 18.O-O Nxd5 19.Qxd5 Qe7 20.Qxa8 Be6 21.Bxe6 Qxe6 22.Qc6+ Ke7 23.Nc3 h6
24.Nd5+ Kf7 25.Nxb6 Nxb6 26.Qxb6 Bf8 27.Qc7+ Kf6 28.b6 Be7 29.b7 g5 30.b8=Q Rxb8
31.Qxb8 Kf7 32.Bb6 Qc4 33.Bc7 Qc5+ 34.Kh1 Ke6 35.Rd5 Qc4 36.Rfd1  1-0

[Event "NIT Nagpur GM Open 2012"]
[Site "Nagpur IND"]
[Date "2012.10.16"]
[Round "2.8"]
[White "Padmini,R"]
[Black "Rahman,Zia"]
[Result "0-1"]
[WhiteElo "2302"]
[BlackElo "2502"]

1.e4 g6 2.d4 Bg7 3.Nc3 d6 4.f4 Nf6 5.Nf3 O-O 6.Bd3 Na6 7.O-O c5 8.d5 Bg4
9.h3 Bxf3 10.Qxf3 Nb4 11.Rf2 Nxd3 12.Qxd3 a6 13.a4 Nd7 14.Be3 Qb6 15.Nd1 Qc7
16.Bd2 b5 17.Bc3 c4 18.Qf3 Qc5 19.Bxg7 Kxg7 20.Kh2 b4 21.Ne3 Kh8 22.Rd1 Rac8
23.Ng4 f5 24.exf5 gxf5 25.Ne3 Rce8 26.Re2 c3 27.b3 e5 28.dxe6 Rxe6 29.Nc4 Rg6
30.Qd5 Nf6 31.Qb7 Rfg8 32.Nxd6 Ng4+ 33.hxg4 Rxd6 34.Rxd6 Qxd6 35.Qf3 fxg4
36.Qe4 g3+ 37.Kg1 Rd8 38.Re1 Qb6+ 39.Kh1 Qh6+ 40.Kg1 Qh2+ 41.Kf1 Qh1+ 42.Ke2 Rd2+  0-1

[Event "Copenhagen Cup IMA 2012"]
[Site "Copenhagen DEN"]
[Date "2012.10.18"]
[Round "3.5"]
[White "Ochsner,B"]
[Black "Danielsen,Hen"]
[Result "0-1"]
[WhiteElo "2322"]
[BlackElo "2524"]

1.e4 g6 2.d4 Bg7 3.Nc3 d6 4.f4 c6 5.Be3 Nd7 6.Nf3 b5 7.Bd3 Nb6 8.Qe2 Nf6
9.a4 b4 10.Nd1 a5 11.c4 bxc3 12.Nxc3 O-O 13.O-O d5 14.e5 Ng4 15.Bd2 Nh6 16.h3 Bf5
17.g4 Bxd3 18.Qxd3 f5 19.exf6 exf6 20.f5 gxf5 21.Bxh6 Bxh6 22.Qxf5 Qd6 23.Kg2 Nc4
24.Nd1 Rab8 25.Qc2 Rxb2 26.Qxb2 Nxb2 27.Nxb2 Rb8 28.Nd3 Rb3 29.Nc5 Rb2+ 30.Rf2 Rxf2+
31.Kxf2 Qb8 32.Re1 Kf7 33.Re6 Qb2+ 34.Kg3 Qc1 35.Re2 Bf4+ 36.Kg2 Bd6 37.Nb7 Bc7
38.Nc5 Qf4 39.g5  0-1

[Event "Copenhagen Cup IMA 2012"]
[Site "Copenhagen DEN"]
[Date "2012.10.19"]
[Round "5.4"]
[White "Eriksson,C"]
[Black "Danielsen,Hen"]
[Result "0-1"]
[WhiteElo "2098"]
[BlackElo "2524"]

1.e4 g6 2.d4 Bg7 3.Nc3 d6 4.Nf3 Nd7 5.Bc4 e6 6.O-O a6 7.a4 b6 8.Qe2 Ne7 9.Re1 h6
10.Be3 Bb7 11.Bb3 O-O 12.Rad1 Qb8 13.Bf4 Qa7 14.e5 d5 15.Qd2 g5 16.Be3 Nf5
17.g4 Nxe3 18.Qxe3 f5 19.exf6 Rxf6 20.Ne5 Nxe5 21.Qxe5 c5 22.Ne2 c4 23.Ba2 Bc6
24.Ng3 Re8 25.Qd6 e5 26.Qa3 e4 27.b3 Bf8 28.Qb2 b5 29.axb5 axb5 30.b4 Ra8
31.Ra1 Qa3 32.Qxa3 Rxa3 33.Nxe4 dxe4 34.Bxc4+ bxc4 35.Rxa3 Bxb4  0-1

[Event "13th Liberec Open 2012"]
[Site "Liberec CZE"]
[Date "2012.10.20"]
[Round "1"]
[White "Nelyubin,S"]
[Black "Sedlak,Ja"]
[Result "1-0"]
[WhiteElo "2006"]
[BlackElo "1648"]

1.e4 d6 2.d4 g6 3.Nc3 Bg7 4.Be3 b6 5.Qd2 Bb7 6.Bb5+ Nd7 7.f4 Nf6 8.e5 Bxg2
9.Qxg2 dxe5 10.dxe5 Nh5 11.Bxd7+  1-0

[Event "TCh-SUI National A 2012"]
[Site "Switzerland SUI"]
[Date "2012.10.20"]
[Round "8.2"]
[White "Ermeni,A"]
[Black "Fressinet,L"]
[Result "0-1"]
[WhiteElo "2259"]
[BlackElo "2693"]

1.e4 g6 2.d4 d6 3.Nc3 Bg7 4.f4 Nf6 5.e5 dxe5 6.dxe5 Qxd1+ 7.Nxd1 Nd5 8.c4 Nb4
9.Ne3 Bf5 10.Bd2 N8c6 11.Nf3 f6 12.Nxf5 gxf5 13.Kf2 fxe5 14.fxe5 O-O-O 15.Bf4 Nc2
16.Rc1 N2d4 17.Re1 Ne6 18.g3 Nxf4 19.gxf4 Bh6 20.c5 Rd5 21.Bc4 Rxc5 22.Rc1 Kb8
23.Kg3 Rd8 24.h4 Nd4 25.Rhd1 Rxc4 26.Rxc4 Ne2+ 27.Kf2 Rxd1 28.Kxe2 Rb1 29.Ke3 Rxb2
30.Nd4 Rxa2 31.Nxf5 Bf8 32.Nd4 Ra6 33.f5 Bg7 34.Ne6 Bxe5 35.Rg4 Ra3+ 36.Ke2 a5
37.Rg8+ Ka7 38.Re8 Bd6 39.Rh8 a4 40.Rxh7 Rh3  0-1

[Event "16th Unive Open"]
[Site "Hoogeveen NED"]
[Date "2012.10.21"]
[Round "3"]
[White "Van der Lende,Nathalie"]
[Black "Hoffman,Ro"]
[Result "1-0"]
[WhiteElo "1968"]
[BlackElo "2107"]

1.e4 g6 2.d4 Bg7 3.Nc3 d6 4.Be3 a6 5.a3 Nd7 6.Nf3 b5 7.h3 Bb7 8.Bd3 Ngf6
9.O-O O-O 10.Re1 e5 11.dxe5 dxe5 12.Bg5 Re8 13.Nd2 Nc5 14.Nf1 Nxd3 15.cxd3 Qd6
16.Qf3 Nd7 17.b4 f6 18.Bh4 f5 19.Qe2 f4 20.Rac1 c5 21.Qb2 cxb4 22.axb4 Nb6
23.Red1 Bf8 24.Rb1 Rac8 25.Nh2 Kg7 26.Ne2 Na4 27.Qa1 Rc2 28.Nxf4 Kg8 29.Ng4 Bg7
30.Nd5 Bxd5 31.exd5 Rcc8 32.Rbc1 e4 33.Bf6 Rc7 34.Bxg7 Rxg7 35.Nf6+  1-0

[Event "US Chess League 2012"]
[Site "ICC INT"]
[Date "2012.10.22"]
[Round "8"]
[White "Herman,Ma"]
[Black "Chase,C"]
[Result "1-0"]
[WhiteElo "2385"]
[BlackElo "2315"]

1.e4 g6 2.d4 Bg7 3.Nc3 d6 4.Nf3 a6 5.Be3 Nf6 6.h3 O-O 7.Bd3 Nc6 8.Qd2 b5
9.e5 dxe5 10.dxe5 Nd5 11.Be4 Nxe3 12.Qxe3 Bb7 13.Rd1 Qc8 14.Nd5 Kh8 15.h4 h5
16.g4 hxg4 17.h5 gxf3 18.hxg6+ Kg8 19.Qg5 Qe6 20.Nf4 Qxe5 21.Rh8+  1-0

[Event "4th Marcel Duchamp Open"]
[Site "Buenos Aires ARG"]
[Date "2012.10.23"]
[Round "2.7"]
[White "Barrionuevo,P"]
[Black "Quenallata,L"]
[Result "1-0"]
[WhiteElo "2271"]
[BlackElo "2154"]

1.e4 d6 2.d4 g6 3.Nc3 Bg7 4.Be3 c6 5.Bd3 Nd7 6.Nf3 b5 7.O-O b4 8.Nb1 Rb8
9.Nbd2 Ngf6 10.h3 O-O 11.Re1 Nb6 12.a4 a5 13.Nb3 Ra8 14.Qe2 Qc7 15.Rec1 Bb7
16.Nfd2 Rfc8 17.f4 Nfd7 18.c3 bxc3 19.Rxc3 Qb8 20.Rc2 c5 21.d5 Qa7 22.Bb5 Rc7
23.Bf2 Qb8 24.Rac1 Qc8 25.Nd4 Nb8 26.Nc4 Nxc4 27.Rxc4 Na6 28.Nc6 Bxc6 29.Bxc6 Rb8
30.Bb5 Ra7 31.e5 Nc7 32.Bc6 Na6 33.Re4 Qf8 34.Be1 f5 35.Rec4 Nb4 36.Bxb4 Rxb4
37.Rxb4 axb4 38.b3 Qd8 39.Re1 Bf8 40.g4 Qc8 41.e6 fxg4 42.Qxg4 Bg7 43.Rf1 Qf8
44.f5 Qf6 45.fxg6 Qxg6 46.Bb5 Bf6 47.Bd3 Qxg4+ 48.hxg4 h6 49.Kg2 Kg7 50.Kf3 Ra8
51.Ke2 Ra5 52.Bb5 Ra7 53.Kd3 Ra5 54.Kc4 Kf8 55.Bc6 Kg7 56.Bb5 Kf8 57.Kd3 Kg7
58.Ke4 Ra8 59.Rh1 Bg5 60.Rf1 Bf6 61.Bd3 Ra7 62.g5 hxg5 63.Kf5 Ra8 64.Rh1 Kg8
65.Kg4 Ra7 66.Rh6 Ra8 67.Kh5 Kf8 68.Rg6 Bg7 69.Rxg5 Kg8 70.Rf5 c4 71.Bxc4 Rf8
72.Rxf8+ Kxf8 73.Bb5 Bd4 74.a5 Kg7 75.Kg5 Bc5 76.Be2 Ba7 77.Kf5 Kf8 78.Bh5 Kg7
79.Ke4 Kf6 80.Kd3 Ke5 81.Kc4 Ke4 82.Be2 Bc5 83.Bf1 Ke5 84.Bg2 Kf4 85.Kb5 Ke3
86.Kc6 Kd4 87.Bf1  1-0

[Event "Danilo Batricevic Mem Balkan GP"]
[Site "Cetinje MNE"]
[Date "2012.10.24"]
[Round "6.8"]
[White "Dabetic,R"]
[Black "Drenchev,P"]
[Result "0-1"]
[WhiteElo "2288"]
[BlackElo "2490"]

1.e4 g6 2.d4 Bg7 3.Nc3 d6 4.Nf3 Nf6 5.Be3 a6 6.Qd2 b5 7.Bd3 Bb7 8.a3 O-O
9.Bh6 c5 10.Bxg7 Kxg7 11.dxc5 dxc5 12.e5 Nfd7 13.Qe3 Qc7 14.e6 Bxf3 15.Qxf3 Nb6
16.exf7 Rxf7 17.Qg3 Qxg3 18.hxg3 N8d7 19.O-O Nf6 20.Rfe1 Rd8 21.Re2 Rd6 22.f3 e6
23.Ne4 Nxe4 24.Bxe4 Rfd7 25.Kf2 Na4 26.c4 bxc4 27.Rc1 Nb6 28.Rcc2 Kf6 29.f4 Rd4
30.Bf3 R7d6 31.Ke1 h5 32.Re5 Nd7 33.Re4 Rxe4+ 34.Bxe4 Rd4 35.Bc6 Nb6 36.Ke2 Kf5
37.Bf3 Nd5 38.Kf2 a5 39.Be2 Nb6 40.Ke3 e5 41.fxe5 Kxe5 42.Kf2 Kd6 43.Ke3 Kd5
44.Bf3+ Ke5 45.Be2 Kf6 46.Kf2 Kg7 47.Ke3 Kh6 48.Kf2 g5 49.Ke1 g4 50.Rc3 Kg7
51.b3 cxb3 52.Rxb3 Nd7 53.Rb7 Kf6 54.Rc7 Ke5 55.Bb5 Nf6 56.Rxc5+ Rd5 57.Rxd5+ Kxd5
58.Kf1 Ne4 59.Be8 Ke5 60.Kg1 Nxg3 61.Kh2 Kf4 62.Bf7 h4 63.Bc4 Ne4 64.Bb5 g3+
65.Kg1 Ke3 66.Kf1 Kd2 67.Bd7 Nc3 68.Bf5 Nd5 69.Bd7 Ne3+ 70.Kg1 Ke1 71.a4 Nd5
72.Bc6 Nc3 73.Bd7 Ne2+ 74.Kh1 Kf2 75.Bc6 Nf4 76.Bb7 Nd3 77.Bd5 h3 78.gxh3 Nf4
79.Bc6 Nxh3  0-1

[Event "16th Unive Open"]
[Site "Hoogeveen NED"]
[Date "2012.10.25"]
[Round "7"]
[White "Voss,Her"]
[Black "Hoffman,Ro"]
[Result "1/2-1/2"]
[WhiteElo "2015"]
[BlackElo "2107"]

1.e4 g6 2.d4 Bg7 3.Nc3 d6 4.Nf3 Nf6 5.Be3 O-O 6.Bc4 c6 7.a4 a5 8.O-O Na6
9.e5 Ne8 10.h3 Nec7 11.Qd2 dxe5 12.Nxe5 Be6 13.Be2 Bxe5 14.dxe5 Qxd2 15.Bxd2 Nb4
16.Bg5 Nxc2 17.Rac1 Nd4 18.Bxe7 Rfe8 19.Bd6  1/2-1/2

[Event "I Cerrado Ciutat De Manresa"]
[Site "Manresa ESP"]
[Date "2012.10.26"]
[Round "2.2"]
[White "Lorenzo de la Riva,L"]
[Black "Albets Armengol,R"]
[Result "1-0"]
[WhiteElo "2465"]
[BlackElo "2147"]

1.e4 g6 2.d4 Bg7 3.Nc3 d6 4.f4 e6 5.Nf3 Ne7 6.Be3 Nd7 7.Qd2 a6 8.Bd3 Nf6
9.e5 Nfd5 10.Bf2 Nxc3 11.bxc3 Bd7 12.O-O Bc6 13.Ng5 Qd7 14.Rae1 h6 15.Ne4 Bxe4
16.Bxe4 d5 17.Bd3 h5 18.Rb1 b5 19.h3 h4 20.Qe1 Nf5 21.Bxf5 gxf5 22.Bxh4 c5
23.Qg3 Kf8 24.dxc5 Rc8 25.a4 Rxc5 26.axb5 Rxb5 27.Bg5 Qb7 28.Rxb5 Qxb5 29.Qd3 Kg8
30.Qxb5 axb5 31.Rb1 Kh7 32.Rxb5 Kg6 33.Be7 Ra8 34.Rb2 Rc8 35.Rb3 Rc4 36.g3 f6
37.exf6 Bxf6 38.Bxf6 Kxf6 39.Kf2 Re4 40.Rb4 Kg6 41.Rxe4 fxe4 42.Ke3 Kf6 43.c4 Kf5
44.g4+ Kf6 45.cxd5 exd5 46.c4  1-0

[Event "Danilo Batricevic Mem Balkan GP"]
[Site "Cetinje MNE"]
[Date "2012.10.27"]
[Round "9.9"]
[White "Batricevic,S"]
[Black "Djukanovic,S"]
[Result "1-0"]
[WhiteElo "2239"]
[BlackElo "2321"]

1.e4 d6 2.d4 g6 3.Nc3 Bg7 4.Bg5 a6 5.Qd2 b5 6.a4 b4 7.Nd5 a5 8.f3 Nf6 9.Nxf6+ exf6
10.Bh6 O-O 11.Bxg7 Kxg7 12.h4 h6 13.O-O-O c6 14.h5 g5 15.f4 Bg4 16.Be2 Qc8
17.e5 fxe5 18.fxg5 Bxe2 19.gxh6+ Kh8 20.Qg5 Qg4 21.Qf6+ Kh7 22.Rh4 Nd7 23.Qg7+ Qxg7
24.hxg7 Kxg7 25.Nxe2 Rad8 26.dxe5 Nxe5 27.Nd4 Rfe8 28.Nf5+ Kh7 29.Nxd6 Re7
30.Nc4 Rxd1+ 31.Kxd1 Nxc4 32.Rxc4 Re6 33.Rc5 Rf6 34.Ke2 Re6+ 35.Kf3 Rd6 36.Rxa5 Rd2
37.Rc5 b3 38.cxb3 Rxb2 39.Rc3  1-0

[Event "Chigorin Memorial 2012"]
[Site "St Petersburg RUS"]
[Date "2012.10.27"]
[Round "1.5"]
[White "Vitiugov,N"]
[Black "Andrenko,I"]
[Result "1-0"]
[WhiteElo "2691"]
[BlackElo "2227"]

1.d4 g6 2.e4 Bg7 3.Nc3 d6 4.g3 Nf6 5.Bg2 O-O 6.Nge2 c6 7.O-O e5 8.h3 b5 9.a3 Bb7
10.Be3 Nbd7 11.g4 Qe7 12.Ng3 Nb6 13.Nce2 Nc4 14.Bc1 exd4 15.Nxd4 d5 16.b3 Nb6
17.Bb2 Ne8 18.Re1 dxe4 19.Rxe4 Qd7 20.Qe1 Nc8 21.Rd1 Ned6 22.Re2 c5 23.Ndf5 Bxb2
24.Bxb7 Qxb7 25.Nxd6 Nxd6 26.Rxd6 Rad8 27.Re7 Qf3 28.Qe4 Qxe4 29.Nxe4 f5
30.Rxd8 Rxd8 31.gxf5 gxf5 32.Nxc5 Bxa3 33.Rc7 a5 34.Kg2 Ra8 35.Nd7 Bb2 36.Rb7 Rd8
37.Nc5 b4 38.Nd3 Bd4 39.Rc7 Ra8 40.Kf3 a4 41.bxa4 Rxa4 42.Kf4 Bc3 43.Kxf5 Ra2
44.f4 Rxc2 45.Nxb4 Rb2 46.Nd5 Bd4 47.Ke4 Bg7 48.Ne7+ Kf8 49.Nf5 Rb4+ 50.Kf3 Bb2
51.Nh6 Ke8 52.h4 Bf6 53.h5 Rb5 54.Rxh7 Be7 55.Kg4 Rb1 56.Nf5 Rg1+ 57.Kf3 Bc5
58.Rc7 Rf1+ 59.Ke4 Re1+ 60.Kd5 Bb6 61.Rb7 Rd1+ 62.Kc6 Bd4 63.h6 Rc1+ 64.Kd5 Bf6
65.Ke6 Rc6+ 66.Nd6+ Kd8 67.Rd7+  1-0

[Event "Chigorin Memorial"]
[Site "St Petersburg RUS"]
[Date "2012.10.27"]
[Round "1.145"]
[White "Khakimov,T"]
[Black "Kvitko,Nikita"]
[Result "1-0"]
[WhiteElo "2303"]
[BlackElo "1801"]

1.e4 d6 2.d4 g6 3.Nc3 Bg7 4.f4 Nf6 5.Nf3 O-O 6.Bd3 Nc6 7.Be3 Re8 8.e5 Ng4
9.Bg1 dxe5 10.dxe5 f6 11.h3 Nh6 12.Bc4+ e6 13.Qxd8 Rxd8 14.Nb5 Na5 15.Bd3 c6
16.Nc7 Rb8 17.Bxa7  1-0

[Event "TCh-FIN SM 2012-13"]
[Site "Tampere FIN"]
[Date "2012.10.27"]
[Round "4.6"]
[White "Koykka,P"]
[Black "Salimaki,J"]
[Result "1-0"]
[WhiteElo "2242"]
[BlackElo "2157"]

1.d4 g6 2.e4 Bg7 3.Nc3 d6 4.Be3 a6 5.f3 b5 6.a4 b4 7.Nd5 a5 8.c3 c6 9.Nf4 bxc3
10.bxc3 Nf6 11.Qd2 O-O 12.h4 e5 13.Nd3 Nbd7 14.dxe5 dxe5 15.Ne2 Ba6 16.Ng3 h5
17.Nb2 Bxf1 18.Nxf1 Qe7 19.Qf2 Rfb8 20.Nc4 Nh7 21.Qc2 Nc5 22.Nfd2 Rd8 23.O-O Nf8
24.Rfd1 Nfe6 25.g3 Rd3 26.Nb3 Nxb3 27.Qxd3 Nxa1 28.Rxa1 Qf6 29.Kg2 Bf8 30.Rb1 Nc5
31.Bxc5 Bxc5 32.Rb7 Rd8 33.Qc2 Qe6 34.Nxa5 Be3 35.Nb3 Qc4 36.Rb4 Rd2+ 37.Qxd2  1-0

[Event "e2e4 Basingstoke Int Open"]
[Site "Basingstoke ENG"]
[Date "2012.10.28"]
[Round "2.12"]
[White "Lyell,M"]
[Black "Pleasants,A"]
[Result "1-0"]
[WhiteElo "2219"]
[BlackElo "2103"]

1.e4 g6 2.d4 Bg7 3.Nc3 d6 4.Be3 a6 5.h4 h6 6.Be2 c6 7.f4 h5 8.Nh3 Nf6 9.Nf2 Qa5
10.O-O Nbd7 11.e5 Nd5 12.Nxd5 cxd5 13.Bd3 e6 14.Nh3 Qb6 15.Qe2 Qxb2 16.Ng5 Nb8
17.Rab1 Qc3 18.Rb3 Qc7 19.exd6 Qxd6 20.c4 dxc4 21.Bxc4 Nc6 22.d5 Nd4 23.Bxd4 Bxd4+
24.Kh1 b5 25.dxe6 bxc4 26.exf7+ Kd8 27.Qxc4 Qc5 28.Ne6+ Bxe6 29.Qxe6 Kc7
30.Rbb1 Rhd8 31.Rbc1 Bc3 32.Rf3 Rd6 33.Qb3 Rb6 34.Rfxc3  1-0

[Event "4th Marcel Duchamp Open"]
[Site "Buenos Aires ARG"]
[Date "2012.10.28"]
[Round "6.11"]
[White "Nejanky,M"]
[Black "Herman,D"]
[Result "0-1"]
[WhiteElo "2050"]
[BlackElo "2192"]

1.e4 g6 2.d4 Bg7 3.Nc3 d6 4.f4 a6 5.Nf3 b5 6.Bd3 c5 7.Be3 Nd7 8.a4 b4 9.Nb1 Bb7
10.Nbd2 Ngf6 11.c3 O-O 12.cxb4 cxd4 13.Bxd4 e5 14.fxe5 Nxe5 15.Bxe5 dxe5
16.Qe2 Qb6 17.b5 axb5 18.Bxb5 Bh6 19.Ra3 Rfd8 20.g4 Rac8 21.Nc4 Nxe4 22.g5 Rxc4
23.Bxc4 Qb4+ 24.Kf1 Nxg5 25.Rb3 Qe7 26.Nxg5 Bxg5 27.Rg1 Qf6+ 28.Ke1 Bh4+
29.Rgg3 Qc6 30.a5 Rd4 31.Rb6 Qh1+ 32.Qf1 Rxc4  0-1

[Event "ITT La Razon 2012"]
[Site "Villa Martelli ARG"]
[Date "2012.10.28"]
[Round "7.3"]
[White "Maggiolo,E"]
[Black "Fusco,L"]
[Result "0-1"]
[WhiteElo "2054"]
[BlackElo "2379"]

1.e4 g6 2.d4 Bg7 3.Nc3 d6 4.g3 Na6 5.Be3 Nf6 6.h3 O-O 7.Bg2 c5 8.d5 b5 9.Qd2 b4
10.Nd1 e6 11.dxe6 Bxe6 12.Ne2 d5 13.exd5 Bxd5 14.Bxd5 Qxd5 15.O-O Qf5 16.Nf4 Rad8
17.Qe2 Nc7 18.a3 Rfe8 19.axb4 cxb4 20.Rxa7 Ncd5 21.Nxd5 Nxd5 22.Kh2 h5 23.Qc4 Rc8
24.Qd3 Rxc2 25.Qxf5 gxf5 26.Kg1 h4 27.Rd7 Nxe3 28.Nxe3 Rxb2 29.Nxf5 hxg3
30.Nxg3 b3 31.Rb7 Bd4 32.Nf5 Bc5 33.Nh6+ Kg7 34.Ng4 Kg6 35.h4 Re4 36.h5+ Kg5
37.Nh2 Rf4 38.Rb5 Rf5 39.Nf3+ Kh6 40.Kg2 Rxh5 41.Rb8 Rf5 42.Kg3 Bd6+  0-1

[Event "7th Deizisau Autumn"]
[Site "Deizisau GER"]
[Date "2012.10.29"]
[Round "5.2"]
[White "Hirneise,T"]
[Black "Brem,S"]
[Result "1-0"]
[WhiteElo "2448"]
[BlackElo "2112"]

1.e4 g6 2.d4 Bg7 3.Nc3 d6 4.f4 a6 5.Nf3 Nd7 6.Bd3 b5 7.e5 Bb7 8.Qe2 Bxf3
9.Qxf3 b4 10.Ne4 d5 11.Nd2 e6 12.Qe2 a5 13.O-O h5 14.Nf3 Ne7 15.a3 Nf5 16.Bd2 Bf8
17.axb4 Bxb4 18.c3 Be7 19.c4 dxc4 20.Bxf5 gxf5 21.Bxa5 Rxa5 22.Rxa5 c5 23.Rfa1 cxd4
24.Qxc4 O-O 25.Qxd4 Nc5 26.Qxd8 Rxd8 27.Ra8 Kg7 28.Rxd8 Bxd8 29.g3 h4 30.b4 Nd3
31.b5 hxg3 32.hxg3 Bb6+ 33.Kg2 Nc5 34.Nd2  1-0

[Event "Chigorin Memorial"]
[Site "St Petersburg RUS"]
[Date "2012.10.29"]
[Round "3.153"]
[White "Voronenkov,S"]
[Black "Kvitko,Nikita"]
[Result "1-0"]
[WhiteElo "2020"]
[BlackElo "1801"]

1.e4 d6 2.d4 g6 3.Nc3 Bg7 4.f4 Nc6 5.Be3 Nf6 6.Nf3 Ng4 7.Bg1 Bd7 8.h3 Nh6
9.Bc4 e5 10.fxe5 dxe5 11.d5 Na5 12.Be2 b6 13.Qd2 f6 14.Ba6 Rb8 15.a4 Nf7
16.Be3 h5 17.b4 Nb7 18.Bxb7 Rxb7 19.O-O Nd6 20.Qe2 g5 21.Nd2 Qc8 22.Nc4 h4
23.Bd2 g4 24.Nxd6+ cxd6 25.Nb5 Ke7 26.hxg4 Bxg4 27.Qd3 h3 28.g3 a6 29.Na3 Rc7
30.Kh2 Bh6 31.c4 Bxd2 32.Qxd2 Rb7 33.Rf2 Rh5 34.Raf1 f5 35.exf5 Kf6 36.Qe3 Qg8
37.Qe4 Rg5 38.Nc2 Bh5 39.Qe3 b5 40.axb5 axb5 41.c5 Rbg7 42.Rg1 Qxd5 43.Rd2 Qf3
44.Rxd6+ Kf7 45.Rd7+ Kf6 46.Rxg7 Rxg7 47.Qxf3 Bxf3 48.Rf1 e4 49.Nd4 Bg2 50.Ra1 Rd7
51.Ra6+ Kf7 52.Rd6 Ra7 53.g4 Ra1 54.g5 Rh1+ 55.Kg3 Bf1 56.g6+ Kg8 57.Ne6 Rg1+
58.Kf4  1-0

[Event "Chigorin Memorial"]
[Site "St Petersburg RUS"]
[Date "2012.10.29"]
[Round "3.105"]
[White "Vorobjev,D"]
[Black "Ivanov,Sergei V."]
[Result "1-0"]
[WhiteElo "2256"]
[BlackElo "2060"]

1.e4 g6 2.d4 Bg7 3.Nc3 d6 4.Be2 Nd7 5.Nf3 e6 6.O-O Ne7 7.Bg5 h6 8.Be3 O-O
9.Qd2 Kh7 10.a4 a5 11.Rfe1 b6 12.Nb5 Bb7 13.Bd3 Nf6 14.Bf4 Nh5 15.Bg3 Qd7
16.Rad1 Rac8 17.c4 f5 18.exf5 exf5 19.d5 Kh8 20.Nh4 Kh7 21.Re6 g5 22.Nxc7 Qxc7
23.Bxd6 Qd7 24.Bxe7 gxh4 25.Bxf8 Rxf8 26.Rde1 Bc8 27.Rxb6 Bf6 28.Ree6 Bg5
29.Rxh6+ Bxh6 30.Qxh6+ Kg8 31.Qxh5 Rf7 32.Rg6+ Rg7 33.Rxg7+ Kxg7 34.Qg5+ Kf7
35.Be2 Qd6 36.Bh5+ Kf8 37.Qxh4 Qe5 38.h3 Qe1+ 39.Kh2 Qe5+ 40.g3 Qxb2 41.Qd8+ Kg7
42.Kg2 Qb7 43.Qxa5 f4 44.Qc3+ Kh7 45.Qd3+  1-0

[Event "Chigorin Memorial"]
[Site "St Petersburg RUS"]
[Date "2012.10.29"]
[Round "3.124"]
[White "Stoliarenko,Ivan"]
[Black "Andrenko,I"]
[Result "0-1"]
[WhiteElo "1673"]
[BlackElo "2227"]

1.e4 g6 2.d4 Bg7 3.Nc3 d6 4.f4 a6 5.Nf3 b5 6.a3 Bb7 7.Be2 Nd7 8.e5 c5 9.Be3 Nh6
10.O-O Nf5 11.Qd2 Nxe3 12.Qxe3 cxd4 13.Qxd4 dxe5 14.fxe5 Nxe5 15.Qf4 Nxf3+
16.Bxf3 Qd4+ 17.Qxd4 Bxd4+ 18.Kh1 Bxf3 19.Rxf3 O-O 20.Rd1 e5 21.g4 Rfc8 22.g5 Kg7
23.Rdf1 Ra7 24.Kg2 Bxc3 25.bxc3 Rc5 26.h4 Rac7 27.Rf6 Rxc3 28.Rxa6 Rxc2+
29.Kf3 R2c4 30.Rb6 Rxh4 31.Rxb5 Rc3+ 32.Ke2 Rh2+ 33.Kd1 Rxa3 34.Rc5 Ra1+
35.Rc1 Rxc1+ 36.Kxc1 Rg2 37.Kd1 Rxg5 38.Ke2 f5 39.Ke3 Rg3+ 40.Rf3 Rxf3+ 41.Kxf3 e4+
42.Kf4 h5 43.Kg3 g5 44.Kf2 h4 45.Kg2 g4 46.Kf2 h3 47.Kg3 e3 48.Kh2 e2 49.Kg3 e1=Q+
50.Kh2 Qf2+ 51.Kh1 Qg2+  0-1

[Event "16th OIBM 2012"]
[Site "Bad Wiessee GER"]
[Date "2012.10.31"]
[Round "5.30"]
[White "Astengo,C"]
[Black "Buchal,S"]
[Result "1/2-1/2"]
[WhiteElo "2119"]
[BlackElo "2300"]

1.e4 g6 2.d4 Bg7 3.Nc3 d6 4.g3 Nf6 5.Bg2 O-O 6.Nge2 e5 7.O-O c6 8.a4 Na6
9.a5 exd4 10.Nxd4 Re8 11.Bf4 Nc5 12.Re1 Ng4 13.Qd2 Ne5 14.b3 Ne6 15.Nxe6 Bxe6
16.Ra4 Qf6 17.Ne2 Bg4 18.Nd4 Qe7 19.h3 Bd7 20.Ne2 c5  1/2-1/2

[Event "e2e4 Basingstoke Int Open"]
[Site "Basingstoke ENG"]
[Date "2012.10.31"]
[Round "8.10"]
[White "Andreev,Pete"]
[Black "Pleasants,A"]
[Result "1-0"]
[WhiteElo "1981"]
[BlackElo "2103"]

1.e4 d6 2.d4 g6 3.Nc3 Bg7 4.Be3 a6 5.a4 Nc6 6.d5 Ne5 7.f4 Ng4 8.Bd4 f6 9.h3 N4h6
10.Bc4 c5 11.dxc6 bxc6 12.g4 Qa5 13.Qd3 Rb8 14.Bb3 Bd7 15.O-O-O c5 16.Bf2 Nf7
17.Nf3 g5 18.f5 Ne5 19.Nxe5 fxe5 20.Be1 Bc8 21.Qc4 Nh6 22.h4 Rb4 23.Qe2 Rd4
24.Nd5 Qd8 25.hxg5 Nf7 26.Qh2 h5 27.g6 Ng5 28.Rxd4 exd4 29.Qg2 e6 30.Nf4 hxg4
31.Rxh8+ Bxh8 32.Qxg4 exf5 33.exf5 Qe7 34.Bh4 Qe3+ 35.Kb1 Ne4 36.g7 Nd2+
37.Ka2 Bxg7 38.Qg6+ Kd7 39.Qxg7+ Ke8  1-0

[Event "16th OIBM 2012"]
[Site "Bad Wiessee GER"]
[Date "2012.11.01"]
[Round "6.12"]
[White "Braeuer,F"]
[Black "Graf,A"]
[Result "0-1"]
[WhiteElo "2234"]
[BlackElo "2605"]

1.e4 g6 2.d4 Bg7 3.Nc3 d6 4.Be3 a6 5.f3 Nd7 6.Nh3 c5 7.Qd2 cxd4 8.Bxd4 Ngf6
9.Nf2 O-O 10.Be2 Qc7 11.g4 b5 12.a3 e5 13.Be3 Nb6 14.g5 Nh5 15.O-O-O Rd8
16.Nd5 Nxd5 17.exd5 Bd7 18.Ne4 a5 19.b3 b4 20.axb4 Rab8 21.Qc3 Qxc3 22.Nxc3 Rxb4
23.Ne4 Bf5 24.Bd2 Nf4 25.Bc4 Nh3 26.Rhf1 Bf8 27.Bxb4 axb4 28.Kb2 Be7 29.Ra1 Nxg5
30.Ra7 Kf8 31.Nxg5 Bxg5 32.c3 Be3 33.Ra4 bxc3+ 34.Kxc3 Bd4+ 35.Kd2 Kg7 36.Bd3 Kf6
37.Rc4 Rb8 38.Rb1 Bxd3 39.Kxd3 Kg5 40.Rc7 f5 41.b4 Kf4 42.Rc6 Kxf3 43.Rxd6 Bf2
44.Re6 e4+ 45.Kc4 f4 46.d6 e3 47.Rb2 Kg4 48.Kd5 f3 49.d7 e2 50.Rb1 Bh4 51.Re8 Bd8
52.Kc5 Kh3 53.Rb3 Kg2 54.b5 g5 55.h3 h5 56.Re4 Rb7 57.Kc6 Rc7+ 58.Kd6 Rc1
59.b6 Bxb6 60.Rxb6 e1=Q 61.Rxe1 Rxe1 62.Rb2+ Kxh3 63.Rd2 f2 64.d8=Q f1=Q
65.Qxg5 Qa6+ 66.Kd7 Qe6+ 67.Kd8 Qe8+ 68.Kc7 Rc1+ 69.Kd6 Rc6+ 70.Kd5 Qe6+
71.Kd4 Rc4+ 72.Kd3 Qe4+  0-1

[Event "7th Kavalier Open"]
[Site "Vienna AUT"]
[Date "2012.11.01"]
[Round "7.1"]
[White "Wilke,W"]
[Black "Stanec,N"]
[Result "1/2-1/2"]
[WhiteElo "2249"]
[BlackElo "2515"]

1.e4 g6 2.d4 Bg7 3.Nc3 d6 4.f4 Nc6 5.Be3 Nf6 6.Be2 O-O 7.e5 Nd7 8.h4 Nb6
9.h5 dxe5 10.dxe5 Nb4 11.Bc5 N6d5 12.Nxd5 Qxd5 13.Qxd5 Nxd5 14.g3 b6 15.Bf3 bxc5
16.Bxd5 Rb8 17.O-O-O Bg4 18.hxg6 hxg6 19.Bf3 Bf5 20.Nh3 f6  1/2-1/2

[Event "12th Sautron Open"]
[Site "Sautron FRA"]
[Date "2012.11.02"]
[Round "8.6"]
[White "Videnova,I"]
[Black "Koziak,V"]
[Result "0-1"]
[WhiteElo "2318"]
[BlackElo "2503"]

1.e4 g6 2.d4 Bg7 3.Nc3 d6 4.f4 Nf6 5.Nf3 O-O 6.Bd3 Na6 7.O-O c5 8.d5 Nc7
9.a4 Na6 10.Bc4 Nb4 11.Qe2 b6 12.Rd1 Bb7 13.e5 Ne8 14.e6 Nc7 15.f5 fxe6 16.fxe6 Rf5
17.g4 Rxf3 18.Qxf3 Nxe6 19.Rf1 Qe8 20.Nb5 Nxc2 21.Qe4 Ncd4 22.Ra3 a6 23.Nxd4 Nxd4
24.Rh3 b5 25.Ba2 e5 26.Bg5 Ne6 27.Bd2 c4 28.Qe1 Nf4 29.Bxf4 exf4 30.Qd2 Qe4
31.Rxf4 Qxd5 32.Qxd5+ Bxd5 33.b3 c3 34.Rd3 c2 35.Rf1 Be4 36.b4+ Kh8 37.Rxd6 Bh6  0-1

[Event "Chigorin Memorial"]
[Site "St Petersburg RUS"]
[Date "2012.11.03"]
[Round "8.134"]
[White "Ivanov,Ro"]
[Black "Kuzmin,Ars"]
[Result "1-0"]
[WhiteElo "2146"]
[BlackElo "1982"]

1.e4 d6 2.d4 g6 3.Nc3 Bg7 4.f4 Nf6 5.Nf3 c5 6.e5 Ng4 7.Bb5+ Bd7 8.e6 Bxb5
9.exf7+ Kf8 10.Nxb5 Nh6 11.O-O Qb6 12.Nc3 cxd4 13.Ne4 Nc6 14.Kh1 Nxf7 15.Nfg5 h6
16.Ne6+ Kg8 17.Bd2 d5 18.N4c5 Ncd8 19.Qg4 Nxe6 20.Nxe6 Nd8 21.Rae1 Kh7 22.f5 g5
23.Nxg7 Kxg7 24.Rxe7+ Nf7 25.f6+ Kf8 26.Qh5 Nd6 27.Qg6 Ne8  1-0